Logo CIB grande

Nutritional Anthropology: Biocultural Perspectives on Food (Registro nro. 237870)

Detalles MARC
000 -LEADER
campo de control de longitud fija 00697nam a2200241Ia 4500
005 - FECHA Y HORA DE LA ÚLTIMA TRANSACCIÓN
campo de control 20250425162845.0
008 - DATOS DE LONGITUD FIJA--INFORMACIÓN GENERAL
campo de control de longitud fija 250425s9999 xx 000 0 und d
020 ## - NÚMERO INTERNACIONAL ESTÁNDAR DEL LIBRO
Número Internacional Estándar del Libro 9780199738144
041 ## - CÓDIGO DE IDIOMA
Código de lengua del texto/banda sonora o título independiente eng
082 ## - NÚMERO DE LA CLASIFICACIÓN DECIMAL DEWEY
Número de clasificación 306.4
Iniciales del Autor DUF
010 ## - NÚMERO DE CONTROL DE LA BIBLIOTECA DEL CONGRESO
Número de control de LC 117204
100 ## - ENTRADA PRINCIPAL--NOMBRE DE PERSONA
Nombre de persona Dufour, Darna L.
245 #0 - MENCIÓN DEL TÍTULO
Título Nutritional Anthropology: Biocultural Perspectives on Food
Mención de responsabilidad, etc. Darna L. Dufour; Alan H. Goodman; Gretel H. Pelto
250 ## - MENCION DE EDICION
Mención de edición 2nd. Ed.
260 ## - PUBLICACIÓN, DISTRIBUCIÓN, ETC.
Lugar de publicación, distribución, etc. New York
Nombre del editor, distribuidor, etc. Oxford University Express
Fecha de publicación, distribución, etc. 2013
300 ## - DESCRIPCIÓN FÍSICA
Extensión 532 p.
Dimensiones 28 cm
500 ## - NOTA GENERAL
Nota general Incluye apéndice, glosario
650 ## - PUNTO DE ACCESO ADICIONAL DE MATERIA--TÉRMINO DE MATERIA
Término de materia o nombre geográfico como elemento de entrada Antropología
650 ## - PUNTO DE ACCESO ADICIONAL DE MATERIA--TÉRMINO DE MATERIA
Término de materia o nombre geográfico como elemento de entrada Nutrición
700 ## - ENTRADA AGREGADA--NOMBRE PERSONAL
Nombre de persona Goodman, Alan H.
700 ## - ENTRADA AGREGADA--NOMBRE PERSONAL
Nombre de persona Pelto, Gretel H.
942 ## - ELEMENTOS DE ENTRADA SECUNDARIOS (KOHA)
Tipo de ítem Koha Libros
Existencias
Estatus retirado Estado de pérdida Estado de daño No para préstamo Biblioteca de origen Biblioteca actual Fecha de adquisición Coste, precio normal de compra Etiqueta RFID Total de préstamos Código de barras Copia número Tipo de ítem Koha Nota pública
        CENTRO DE INFORMACIÓN BIBLIOTECARIA CENTRO DE INFORMACIÓN BIBLIOTECARIA 18/12/2024 223.00 0000000000000000037593   81050 1 Libros Compra

Copyright 2025 ESPOL. Todos los derechos reservados.